Planning for telecommunications-different signals (Record no. 68421)
[ view plain ]
| 000 -LEADER | |
|---|---|
| fixed length control field | 01265cam a2200241 4500 |
| 001 - CONTROL NUMBER | |
| control field | ABS64588 |
| 008 - FIXED-LENGTH DATA ELEMENTS--GENERAL INFORMATION | |
| fixed length control field | 010928n2001 000 0 eng u |
| 035 ## - SYSTEM CONTROL NUMBER | |
| System control number | (Sirsi) u114901 |
| 100 ## - MAIN ENTRY--PERSONAL NAME | |
| Personal name | Lloyd, G. |
| 245 ## - TITLE STATEMENT | |
| Title | Planning for telecommunications-different signals |
| 260 ## - PUBLICATION, DISTRIBUTION, ETC. | |
| Date of publication, distribution, etc. | 2001 |
| 490 ## - SERIES STATEMENT | |
| Series statement | Town & Country Planning |
| Volume/sequential designation | 70(9) September 2001, 254-255(2) |
| 520 ## - SUMMARY, ETC. | |
| Summary, etc. | The telecommunications industry is undergoing constant and sustained expansion, with significant impacts on the environment. With the introduction of the third generation (3G) technology, expected to begin in 2002, further rapid growth is expected. The greatest concentration of equipment will be in urban areas and major transport corridors, but rural areas are also likely to experience development pressures. In the light of this expected expansion examines the development of different regulatory and planning regimes for the development of telecommunications in Scotland and England and Wales. |
| 590 ## - LOCAL NOTE (RLIN) | |
| Local note | ABS |
| 650 ## - SUBJECT ADDED ENTRY--TOPICAL TERM | |
| Topical term or geographic name entry element | TELECOMMUNICATIONS INDUSTRY |
| 650 ## - SUBJECT ADDED ENTRY--TOPICAL TERM | |
| Topical term or geographic name entry element | DEVELOPMENT |
| 650 ## - SUBJECT ADDED ENTRY--TOPICAL TERM | |
| Topical term or geographic name entry element | SCOTLAND |
| 650 ## - SUBJECT ADDED ENTRY--TOPICAL TERM | |
| Topical term or geographic name entry element | ENGLAND AND WALES |
| 690 ## - LOCAL SUBJECT ADDED ENTRY--TOPICAL TERM (OCLC, RLIN) | |
| Topical term or geographic name as entry element | ENVIRONMENTAL AND LAND CONSULTANCY-PLANNING AND DEVELOPMENT |
| 700 ## - ADDED ENTRY--PERSONAL NAME | |
| Personal name | Riley, J. |
| 700 ## - ADDED ENTRY--PERSONAL NAME | |
| Personal name | Roberts, P. |
| 942 ## - ADDED ENTRY ELEMENTS (KOHA) | |
| Suppress in OPAC | 0 |
| Withdrawn status | Lost status | Source of classification or shelving scheme | Damaged status | Not for loan | Home library | Current library | Shelving location | Date acquired | Total Checkouts | Full call number | Barcode | Date last seen | Copy number | Price effective from | Koha item type |
|---|---|---|---|---|---|---|---|---|---|---|---|---|---|---|---|
| Dewey Decimal Classification | London | London | Journal article | 28/09/2001 | ABS64588 | 114901-1001 | 06/08/2019 | 1 | 06/08/2019 | Journal article |